000 00473nam a2200193Ia 4500
003 OSt
005 20240611102206.0
008 210210b1961 xxu||||| |||| 00| 0 eng d
040 _cAL
041 _aKannada
082 _a859/1213
100 _aBICHI BALLARI
_9131502
_dಬೀಚಿ
245 _aAuto
_bಆಟೋ
260 _aBengaluru
_bStandard Book Dipo
_c1961
650 _aATO
_9131503
690 _aKannada Fiction
_9131504
906 _a021954
942 _2ddc
_cBK
999 _c146060
_d146060